000 01037cam a2200241 4500
001 ABS68375
008 041027n2004 000 0 eng u
035 _a(Sirsi) u127830
100 _aMadine, V.
245 _aUp and coming from down under
260 _c2004
490 _aBuilding
_v269(8354) 22 October 2004, 52-55(4)
520 _aGives the results of the 2004 Hays Montrose/Building contractors' salary guide. Explains how young construction professionals are getting a better increase than their older colleagues. However the salary growth for most construction staff has slowed compared with previous years. With tables of average pay among contractors in the UK for various professionals including quantity surveyors and engineers.
590 _aABS
590 _aABS
650 _aHAYS CONSTRUCTION/BUILDING CONTRACTORS' SALARIES GUIDE
650 _aCONSTRUCTION PROFESSIONALS
650 _aSALARY INCREASES
650 _aGRADUATES
650 _aSITE AGENTS
690 _aPROFESSIONAL PRACTICE
942 _n0
999 _c118230
_d118230